बिरादरी की नाक / (Record no. 116920)

MARC details
000 -LEADER
fixed length control field 00933nam a22002537a 4500
005 - DATE AND TIME OF LATEST TRANSACTION
control field 20170124103046.0
010 ## - LIBRARY OF CONGRESS CONTROL NUMBER
LC control number A-952042
020 ## - INTERNATIONAL STANDARD BOOK NUMBER
Terms of availability 100.00
035 ## - SYSTEM CONTROL NUMBER
System control number A-952042
037 ## - SOURCE OF ACQUISITION
Source of stock number/acquisition Cen Lib/Ret
040 ## - CATALOGING SOURCE
Original cataloging agency DPL
Language of cataloging HN
082 ## - DEWEY DECIMAL CLASSIFICATION NUMBER
Classification number
Item number मनोह
100 ## - MAIN ENTRY--PERSONAL NAME
Personal name मनोहर लाल
9 (RLIN) 68982
245 ## - TITLE STATEMENT
Title बिरादरी की नाक /
Statement of responsibility, etc मनोहर लाल
246 ## - VARYING FORM OF TITLE
Title proper/short title Biradari ki naak /
Remainder of title by Manohar Lal
260 ## - PUBLICATION, DISTRIBUTION, ETC. (IMPRINT)
Place of publication, distribution, etc नयी दिल्ली
Name of publisher, distributor, etc मंजुली प्रकाशन
Date of publication, distribution, etc 1998
270 ## - ADDRESS
Address 1/67, आर. के. पुरम
City नयी दिल्ली
Postal code 110022
300 ## - PHYSICAL DESCRIPTION
Extent 80पृ.
Dimensions 21सेमी (सजिल्द)
650 ## - SUBJECT ADDED ENTRY--TOPICAL TERM
Topical term or geographic name as entry element हिन्दी साहित्य
9 (RLIN) 68983
650 ## - SUBJECT ADDED ENTRY--TOPICAL TERM
Topical term or geographic name as entry element कहानी संग्रह
9 (RLIN) 68984
650 ## - SUBJECT ADDED ENTRY--TOPICAL TERM
Topical term or geographic name as entry element Hindi literature
9 (RLIN) 68985
650 ## - SUBJECT ADDED ENTRY--TOPICAL TERM
Topical term or geographic name as entry element Story collection
9 (RLIN) 68986
942 ## - ADDED ENTRY ELEMENTS (KOHA)
Source of classification or shelving scheme Dewey Decimal Classification
Koha item type Hindi Books
Classification part
Call number suffix मनोह
Holdings
Withdrawn status Lost status Damaged status Not for loan Home library Current library Date acquired Source of acquisition Cost, normal purchase price Total Checkouts Full call number Barcode Date last seen Copy number Cost, replacement price Price effective from Koha item type
        Central Library Central Library 25/08/2015 Cen Lib/Ret 100.00   क मनोह A-952042 25/08/2015 1 100.00 25/08/2015 Hindi Books

© Delhi Public Library
Hit Counter
free hit counter